000 00667nam a2200289Ia 4500
005 20260324124601.0
008 008 260324s9999 xx 000 0 eng d
020 _a9781843927983
037 _aEBOOK
040 _aCRL
040 _beng
040 _cCRL
041 _2eng
041 _aeng
084 _qCRL
100 _aRob White
_91172139
245 0 _aGlobal Environmental Harm
245 0 _bCriminological Perspectives
260 _bTaylor and Francis
260 _c2010
365 _a
365 _b230
856 _uhttp://www.taylorfrancis.com/books/9781843927983
942 _cEBOOK
999 _c1769215
_d1769215